000 00607nam a2200241Ia 4500
001 640
005 20240113233422.0
007 ta
008 050120s1978 a g b000 u eng u
020 _a0 89009 232 x
040 _aRef. stack
041 _aeng
082 _a297
_bQu 4 Ch
100 _aQuilici, Folco .
245 0 _aChildern of allah /
_cFolco Quilici.
_hTextual Documents
250 _a1st ed /
260 _aUnited States :
_bChartwell books ,
_c1978.
300 _a229p. :
_bill ;
_c28cm .
653 _aReligion - Islam
942 _2ddc
_cBK
999 _c638
_d638